Catálogo

COMPUTACION INTERACTIVA (Registro nro. 49318)

Detalles MARC
000 -LEADER
fixed length control field 00647nam a2200181 a 4500
001 - CONTROL NUMBER
control field 49318
005 - DATE AND TIME OF LATEST TRANSACTION
control field 20180714033950.0
008 - FIXED-LENGTH DATA ELEMENTS--GENERAL INFORMATION
fixed length control field 140415s2003 mx 000 0 spa d
020 ## - INTERNATIONAL STANDARD BOOK NUMBER
International Standard Book Number 9701041887
041 ## - LANGUAGE CODE
Language code of text/sound track or separate title spa
082 ## - DEWEY DECIMAL CLASSIFICATION NUMBER
Classification number 005.369
Item number COM
245 00 - TITLE STATEMENT
Title COMPUTACION INTERACTIVA
250 ## - EDITION STATEMENT
Edition statement 1a ed.
260 ## - PUBLICATION, DISTRIBUTION, ETC.
Place of publication, distribution, etc. MEXICO :
Name of publisher, distributor, etc. MCGRAW-HILL INTERAMERICANA EDITORES,
Date of publication, distribution, etc. 2003
300 ## - PHYSICAL DESCRIPTION
Extent 608
Dimensions 21 x 2.5 x 27
520 ## - SUMMARY, ETC.
Summary, etc. PROPORCIONA UN ENTORNO INTERACTIVO ILUSTRADO PARA EL APRENDIZAJE DE TÉCNICAS DE MANEJO DEL SOFTWARE DE MICROSOFT OFFICE EN EL LIBRO SE OFRECEN INSTRUCCIÓN PRÁCTICA
740 ## - ADDED ENTRY--UNCONTROLLED RELATED/ANALYTICAL TITLE
Uncontrolled related/analytical title MICROSOFT OFFICE XP VOLUME 1
Existencias
Withdrawn status Lost status Source of classification or shelving scheme Damaged status Not for loan Collection code Home library Current library Shelving location Date acquired Source of acquisition Inventory number Total Checkouts Full call number Barcode Date last seen Date last checked out Price effective from Koha item type
    Dewey Decimal Classification     General Biblioteca Karol Wojtyla Biblioteca Karol Wojtyla Sala general 03/12/2013 Compra 151000000000000000059154   '005.369 COM 73756 05/01/2026 21/05/2015 03/12/2013 Libro